| 000 | 00678nam a2200181 a 4500 | ||
|---|---|---|---|
| 008 | 120416s1996 ||||||||||||||||| || u | ||
| 020 | _a0821338366 | ||
| 050 | _aIBRD(08)DP | ||
| 100 | _aValdes, Alberto | ||
| 245 | 1 | 0 | _aSurveillance of agricultural price and trade policy in Latin America during major reforms |
| 260 |
_aWashington, D.C. _bWorld Bank _c1996 |
||
| 300 | _aix, 67p. : ill. | ||
| 350 | _a0.00 | ||
| 490 | _aWorld Bank Discussion Papers | ||
| 650 | _aAGRICULTURE | ||
| 650 | _aAGRICULTURAL PRICES--LATIN AMERICA | ||
| 995 |
_D0.00 _FCBU-MAIN LIBRARY (Kitwe) _H1 _I0.00 _UAVAILABLE _ZInternational Publications |
||
| 999 |
_c59151 _d59151 |
||